00422nam a22001697a 450000500170000000800410001702000260005804000090008404100120009308200160010510000170012124500470013825000080018526000350019330000090022865000150023720250318153649.0250318b |||||||| |||| 00| 0 eng d a9788193043769c596.00 aMAIN aEnglish a572.51bAJA aAjai, Kumar  aOrganometallic And Bioinorganic Chemistry  a5th aUttar Pradesh bAaryush c2024 aV.P. aChemistry